Redes de Cercanías en España - Estadísticas

Estadísticas generales
  • Esta prueba ha sido intentada 398 veces
  • La puntuación promedio es 10 de 12
Estadísticas de respuestas
Redes % Correcto
Madrid
100%
Cataluña
99%
Valencia
96%
Sevilla
93%
Bilbao
88%
Málaga
87%
Murcia/Alicante
87%
Zaragoza
83%
Asturias
80%
Santander
67%
Cádiz
63%
San Sebastián
59%
No se encontraron pruebas coincidentes
Distribución de puntuación
Porcentaje de gente con cada puntuación
Porcentaje por número respondido
Historial de tus puntuaciones
No has intentado esta prueba.